=LDR 00000nam 2200000 4500 =001 INLIS000000000006948 =005 20200929082744 =035 ##$$a 0010-061300000006948 =008 200929################g##########0#ind## =041 ##$$a Ind =082 ##$$a 2x0.000 2 =090 ##$$a 2x0. 002 Hik h =245 ##$$a Al-Hikmah : $b Jurnal studi-studi islam 13 /$c Editon , Abdi M. Soeherman.. =260 ##$$a Bandung :$b Yay. Muthahhari,$c 1999 =300 ##$$a 117 hlm , ; $c 23 x 15 cm. =650 #4$$a Islam-Jurnal =700 #$$a Soeherman, Abdi M =084 ##$$a 2x0.000 2 Hik - h =990 ##$$a 71.840/Pb-94 =990 ##$$a 0001/BPAP-NTB/2016 =990 ##$$a 1200200634 =990 ##$$a 1200200635